Normal view
MARC view
Entry Personal Name
001 - CONTROL NUMBER
- control field: 55105
003 - CONTROL NUMBER IDENTIFIER
- control field: OSt
005 - DATE AND TIME OF LATEST TRANSACTION
- control field: 20241029142728.0
008 - FIXED-LENGTH DATA ELEMENTS
- fixed length control field: 241029|| aca||aabn | a|a d
040 ## - CATALOGING SOURCE
- Original cataloging agency: OSt
- Transcribing agency: OSt
100 ## - HEADING--PERSONAL NAME
- Personal name: ဝိစိတ္တသာရာဘိဝံသ(မင်းကွန်းဆရာတော်)။
670 ## - SOURCE DATA FOUND
- Source citation: Work cat.: (OSt)16620: ဝိစိတ္တသာရာဘိဝံသ(မင်းကွန်းဆရာတော်)။, သပ္ပုရိသဒါနတရားတော်= The Worthy Person's Giving /, ၁၉၈၃။